书目信息 |
| 题名: |
Protel 99 SE电路设计
|
|
| 作者: | 张义和 编著 | |
| 分册: | ||
| 出版信息: | 北京 北京航空航天大学出版社 2014 |
|
| 页数: | 629页 | |
| 开本: | 26cm | |
| 丛书名: | ||
| 单 册: | ||
| 中图分类: | TN410.2 | |
| 科图分类: | ||
| 主题词: | 印刷电路--计算机辅助设计--应用软件 | |
| 电子资源: | ||
| ISBN: | 978-7-5124-1272-9 | |
| 000 | 00864nam0 2200241 450 | |
| 001 | 012015000742 | |
| 005 | 20150914104529.52 | |
| 010 | @a978-7-5124-1272-9@dCNY89.00(含光盘) | |
| 100 | @a20141023d2014 em y0chiy50 ea | |
| 101 | 0 | @achi |
| 102 | @aCN@b110000 | |
| 105 | @aa z 000yy | |
| 106 | @ar | |
| 200 | 1 | @aProtel 99 SE电路设计@AProtel 99 SE dian lu she ji@f张义和编著 |
| 205 | @a4版 | |
| 210 | @a北京@c北京航空航天大学出版社@d2014 | |
| 215 | @a629页@c图@d26cm@e1光盘 | |
| 330 | @a本书中包括电子电路绘图、工业配线绘图、电路图零件设计、电子电路仿真等;PCB部分包括电路板设计、电路板零件设计、电路板信号分析、CAM管理器、特殊工具、各式电路软件接口等。 | |
| 606 | 0 | @a印刷电路@x计算机辅助设计@x应用软件 |
| 690 | @aTN410.2@v5 | |
| 701 | 0 | @a张义和@Azhang yi he@c(电路设计)@4编著 |
| 801 | 0 | @aCN@b碧洲教育@c20150718 |
| 905 | @a10447@f4@dTN410.2@e128=4 | |
| Protel 99 SE电路设计/张义和编著.-4版.-北京:北京航空航天大学出版社,2014 |
| 629页:图;26cm+1光盘 |
| ISBN 978-7-5124-1272-9:CNY89.00(含光盘) |
| 本书中包括电子电路绘图、工业配线绘图、电路图零件设计、电子电路仿真等;PCB部分包括电路板设计、电路板零件设计、电路板信号分析、CAM管理器、特殊工具、各式电路软件接口等。 |
| ● |
| 相关链接 |
|
|
|
|
正题名:Protel 99 SE电路设计
索取号:TN410.2/128=4
 
预约/预借
| 序号 | 登录号 | 条形码 | 馆藏地/架位号 | 状态 | 备注 |
| 1 | 0848208 | 208482088 | 第二样本阅览室/ [索取号:TN410.2/128=4] | 在馆 | |
| 2 | 0848209 | 208482097 | 密集书库-物理学院/ [索取号:TN410.2/128=4] | 在馆 | |
| 3 | 0848210 | 208482104 | 密集书库-物理学院/ [索取号:TN410.2/128=4] | 在馆 | |
| 4 | 0848211 | 208482113 | 第三借阅区/ [索取号:TN410.2/128=4] | 在馆 |